000 00716nam a2200253 a 4500
001 BRL_827
005 20190320210920.0
008 111013s1958----gw-o######---#000-0#ger-#
041 _ager
044 _agw
050 4 _aDS733
_b.E73 1958
100 1 _aErdberg Consten, Eleanor von
_925056
245 1 0 _aDas Alte China
_cvon Eleanor v. Erdberg Consten.
260 _aStuttgar
_bGustav Kilpper
_c1958
300 _a260 p.
_bil., 103 láminas
_c27 cm.
440 0 _aGrosse Kulturen der Frühzeit
_925057
500 _aAu935
504 _aBibliografía: p. 254-257
650 1 4 _aArte chino
_97252
651 4 _aChina
_xHistoria
_919444
651 4 _aChina
_xAntigüedades
_919443
902 _aGRL
942 _2lcc
_cB
999 _c9639
_d9639